| 000 | 01250nam a2200253 4500 | ||
|---|---|---|---|
| 003 | OSt | ||
| 005 | 20250729152118.0 | ||
| 008 | 220706s2018 ck ao||er|||| 00| j spa d | ||
| 020 | _a9789585991316 | ||
| 040 |
_aCO-JMCR _cCO-JMCR |
||
| 041 | 0 | _aspa | |
| 082 | 0 | 4 |
_aA-C _bCONh |
| 111 | 2 |
_aConcurso de Cuento y Narración Oral. Historias en yo mayor _n(6to : _d2018 : _cBogotá) _942403 |
|
| 245 | 1 | 0 |
_aHistorias en yo mayor / _c6to Concurso de Cuento y Narración Oral |
| 250 | _aPrimera edición | ||
| 260 |
_a[Bogotá] : _bFundación Saldarriaga Concha : Fundación Fahrenhet 451, _c2018 |
||
| 300 |
_a192 páginas : _bilustraciones y fotografias a color ; _c17 cm. |
||
| 505 | 0 | _aHerencia de mi pueblo. -- Narración oral. -- Cuento escrito. -- Ganadores. -- Menciones de honor. -- Finalistas. | |
| 520 | 0 | _aHistorias en Yo Mayor no solo es un concurso de cuento y narración oral, es un motor de memoria colectiva que ofrece la posibilidad de recordar a todas las personas mayores de 60 años del país. Pero ese no es su objetivo principal, detrás de los cerca de 1350 participantes. | |
| 650 | 1 | 4 |
_aNarración oral _zColombia _942108 |
| 650 | 2 | 4 |
_aCuentos colombianos _942109 |
| 650 | 2 | 4 |
_aCrónica _zColombia _942110 |
| 942 |
_2ddc _cBK |
||
| 999 |
_c29513 _d15897 |
||